El gesto desnudo (Registro nro. 324290)
[ vista simple ]
| 000 -ENCABEZADO | |
|---|---|
| Número de control [NR] | 00850nam a22002297a 4500 |
| 005 - FECHA Y HORA DE LA ÚLTIMA TRANSACCIÓN | |
| control field | 20240604144120.0 |
| 008 - DE LONGITUD FIJA DE DATOS DE ELEMENTOS - INFORMACIÓN GENERAL | |
| Elementos de longitud fija [NR] | 240604t ||||| |||| 00| 0 spa d |
| 020 ## - NUMERO INTERNACIONAL NORMALIZADO PARA LIBROS [R] | |
| Número Internacional Normalizado del libro [NR] | 9789585003095 (impreso) |
| 020 ## - NUMERO INTERNACIONAL NORMALIZADO PARA LIBROS [R] | |
| Número Internacional Normalizado del libro [NR] | 9789585003101 (ePub) |
| 020 ## - NUMERO INTERNACIONAL NORMALIZADO PARA LIBROS [R] | |
| Número Internacional Normalizado del libro [NR] | 9789585003118 (pdf) |
| 040 ## - FUENTE DE CATALOGACION [NR] | |
| Agencia de catalogación original [NR] | CO-BoUCM |
| Quien Cataloga | David Moreno |
| Quien Clasifica | David Moreno |
| 041 ## - CODIGO DE IDIOMA [R] | |
| Código de idioma para texto/pista de sonido o título separado [R] | Español |
| 245 13 - MENCION DE TITULO [NR] | |
| Título [NR] | El gesto desnudo |
| Parte restante del título [NR] | Guillermo Vélez |
| Mención de responsabilidad, etc. [NR] | Catherine Rendón |
| 260 ## - PUBLICACION, DISTRIBUCION, ETC. (PIE DE IMPRENTA) [R] | |
| Lugar de publicación, distribución, etc. [R] | Bogotá |
| Nombre del editor, distribuidor, etc. [R] | Editorial Universidad del Rosario |
| Fecha de publicación, distribución, etc. [R] | 2024 |
| 300 ## - DESCRIPCION FISICA [R] | |
| Extensión [R] | 284 Paginas |
| Otros detalles físicos [NR] | ilustraciones |
| 600 1# - ASIENTO SECUNDARIO DE MATERIA - NOMBRE PERSONAL [R] | |
| Nombre personal [NR] | Gullermo Velez |
| Subdivisión general [R] | Figura humana en el arte |
| Subdivisión geográfica [R] | Colombia |
| 9 (RLIN) | 181145 |
| 650 17 - ASIENTO SECUNDARIO DE MATERIA - TERMINO TEMATICO [R] | |
| Término temático o nombre geográfico como elemento de entrada [NR] | Arte moderno |
| Subdivisión general [R] | Arte contemporáneo |
| Subdivisión cronológica [R] | Siglo XX |
| 9 (RLIN) | 181146 |
| 710 2# - ASIENTO SECUNDARIO - NOMBRE CORPORATIVO [R] | |
| Nombre corporativo o de jurisdicción como elemento de entrada [NR] | Universidad el rosario |
| 9 (RLIN) | 181147 |
| 710 2# - ASIENTO SECUNDARIO - NOMBRE CORPORATIVO [R] | |
| Nombre corporativo o de jurisdicción como elemento de entrada [NR] | Universidad Veracruzana |
| 9 (RLIN) | 137596 |
| 942 ## - ELEMENTOS DE ENTRADA AGREGADOS (KOHA) | |
| Sistema de clasificación | DEWEY |
| Tema principal | Arte |
| Tipo de ítem principal el descrito en 300a | Libro |
| Edición | 1 |
| Clasificación | 709 |
| Parte restante de la signatura top. | R397g |
| Título oculto en OPAC | No |
| Total préstamos | Signatura topográfica | Código de barras | Última vez visto | Ejemplar | Price effective from | Tipo de ítem | Perdido | Sistema de clasificación | Dañado | No prestable | Tipo de ítem específico | Suprimido | Ubicación habitual | Ubicación actual | Localización | Fecha de creación | Forma de adquisición | Costo |
|---|---|---|---|---|---|---|---|---|---|---|---|---|---|---|---|---|---|---|
| 709 R397g | 100172600 | 03/12/2025 | Ej.1 | 04/06/2024 | Edición Rosarista | DEWEY | Libro Edición Rosarista | Claustro | Claustro | 4to piso | 04/06/2024 | Compra | 31850.00 | |||||
| 709 R397g | 100172599 | 06/12/2025 | Ej.2 | 04/06/2024 | Libro | DEWEY | Libro | Claustro | Claustro | 2do piso | 04/06/2024 | Compra | 31850.00 | |||||
| 709 R397g | 100172654 | 06/12/2025 | Ej.3 | 04/06/2024 | Libro | DEWEY | Libro | Claustro | Claustro | 2do piso | 04/06/2024 | Compra | 31850.00 |